TUTORIAL PHARMACY (Record no. 30957)
[ view plain ]
| 000 -LEADER | |
|---|---|
| fixed length control field | 00266nam a2200121Ia 4500 |
| 008 - FIXED-LENGTH DATA ELEMENTS--GENERAL INFORMATION | |
| fixed length control field | 170620s9999 xx 000 0 und d |
| 100 ## - MAIN ENTRY--PERSONAL NAME | |
| Personal name | CARTER S J |
| 245 #0 - TITLE STATEMENT | |
| Title | TUTORIAL PHARMACY |
| 260 ## - PUBLICATION, DISTRIBUTION, ETC. | |
| Name of publisher, distributor, etc. | CBS- DELHI |
| 260 ## - PUBLICATION, DISTRIBUTION, ETC. | |
| Date of publication, distribution, etc. | 2000 |
| 300 ## - PHYSICAL DESCRIPTION | |
| Extent | 759 |
| 546 ## - LANGUAGE NOTE | |
| Language note | English |
| 690 ## - LOCAL SUBJECT ADDED ENTRY--TOPICAL TERM (OCLC, RLIN) | |
| Topical term or geographic name as entry element | TUTORIAL PHARMACY |
| Withdrawn status | Lost status | Source of classification or shelving scheme | Damaged status | Not for loan | Home library | Current library | Date acquired | Source of acquisition | Total Checkouts | Barcode | Date last seen | Price effective from | Koha item type |
|---|---|---|---|---|---|---|---|---|---|---|---|---|---|
| NOIDA College IIMT College of Pharmacy | NOIDA College IIMT College of Pharmacy | 01/12/2014 | 1 | 12-B-1838 | 06/26/2017 | 06/26/2017 | Book Bank | ||||||
| NOIDA College IIMT College of Pharmacy | NOIDA College IIMT College of Pharmacy | 01/12/2014 | 1 | 12-B-1839 | 06/26/2017 | 06/26/2017 | Book Bank | ||||||
| NOIDA College IIMT College of Pharmacy | NOIDA College IIMT College of Pharmacy | 01/12/2014 | 1 | 12-B-1840 | 06/26/2017 | 06/26/2017 | Book Bank | ||||||
| NOIDA College IIMT College of Pharmacy | NOIDA College IIMT College of Pharmacy | 01/12/2014 | 1 | 12-B-1841 | 06/26/2017 | 06/26/2017 | Book Bank | ||||||
| NOIDA College IIMT College of Pharmacy | NOIDA College IIMT College of Pharmacy | 01/12/2014 | 1 | 12-B-1842 | 06/26/2017 | 06/26/2017 | Book Bank |

